Sams teach yourself HTML and CSS 24 hours / (Record no. 12583)

MARC details
000 -LEADER
fixed length control field 01462cam a2200385 a 4500
001 - CONTROL NUMBER
control field 15981985
003 - CONTROL NUMBER IDENTIFIER
control field mut
005 - DATE AND TIME OF LATEST TRANSACTION
control field 20240606081229.0
008 - FIXED-LENGTH DATA ELEMENTS--GENERAL INFORMATION
fixed length control field 091112s2010 inua 001 0 eng
010 ## - LIBRARY OF CONGRESS CONTROL NUMBER
LC control number 2009046100
015 ## - NATIONAL BIBLIOGRAPHY NUMBER
National bibliography number GBA9A4054
Source bnb
016 7# - NATIONAL BIBLIOGRAPHIC AGENCY CONTROL NUMBER
Record control number 015402505
Source Uk
020 ## - INTERNATIONAL STANDARD BOOK NUMBER
International Standard Book Number 9780672330971 (pbk.)
020 ## - INTERNATIONAL STANDARD BOOK NUMBER
International Standard Book Number 0672330970 (pbk.)
035 ## - SYSTEM CONTROL NUMBER
System control number (OCoLC)ocn426809930
040 ## - CATALOGING SOURCE
Original cataloging agency DLC
Transcribing agency DLC
Modifying agency YDX
-- YDXCP
-- NPL
-- BWX
-- CDX
-- UKM
-- DLC
050 00 - LIBRARY OF CONGRESS CALL NUMBER
Classification number QA 76.76
Item number .H94M4 2010
082 00 - DEWEY DECIMAL CLASSIFICATION NUMBER
Classification number 006.7/4
Edition information 22
100 1# - MAIN ENTRY--PERSONAL NAME
Personal name Meloni, Julie C.
245 10 - TITLE STATEMENT
Title Sams teach yourself HTML and CSS 24 hours /
246 3# - VARYING FORM OF TITLE
Title proper/short title HTML and CSS in 24 hours
250 ## - EDITION STATEMENT
Edition statement 8th ed.
260 ## - PUBLICATION, DISTRIBUTION, ETC.
Place of publication, distribution, etc. Indianapolis, Ind. :
Name of publisher, distributor, etc. Sams Pub.,
Date of publication, distribution, etc. c2010.
300 ## - PHYSICAL DESCRIPTION
Extent ix, 445 p. :
Other physical details ill. (some col.) ;
Dimensions 24 cm.
500 ## - GENERAL NOTE
General note Rev. ed. of: Sams teach yourself HTML and CSS in 24 hours / Dick Oliver, 7th ed., 2006.
500 ## - GENERAL NOTE
General note Includes index.
650 #0 - SUBJECT ADDED ENTRY--TOPICAL TERM
Topical term or geographic name entry element HTML (Document markup language)
650 #0 - SUBJECT ADDED ENTRY--TOPICAL TERM
Topical term or geographic name entry element XHTML (Document markup language)
650 #0 - SUBJECT ADDED ENTRY--TOPICAL TERM
Topical term or geographic name entry element Cascading style sheets.
700 1# - ADDED ENTRY--PERSONAL NAME
Personal name Morrison, Michael,
Dates associated with a name 1970-
700 1# - ADDED ENTRY--PERSONAL NAME
Personal name Oliver, Dick.
Title of a work Sams teach yourself HTML and CSS in 24 hours.
906 ## - LOCAL DATA ELEMENT F, LDF (RLIN)
a 7
b cbc
c orignew
d 1
e ecip
f 20
g y-gencatlg
942 ## - ADDED ENTRY ELEMENTS (KOHA)
Source of classification or shelving scheme Library of Congress Classification
Koha item type Books
Holdings
Withdrawn status Lost status Source of classification or shelving scheme Damaged status Not for loan Home library Current library Shelving location Date acquired Source of acquisition Total checkouts Total renewals Full call number Barcode Date last seen Date last checked out Price effective from Koha item type
    Library of Congress Classification     Murang'a University of Technology Library Murang'a University of Technology Library General stacks 02/10/2017 Donation-TFC 14 1 QA 76.76 .H94M4 2010 015383 14/04/2025 27/03/2025 02/10/2017 Books
    Library of Congress Classification     Murang'a University of Technology Library Murang'a University of Technology Library General stacks 11/07/2018 Donation from-TFC 9   QA 76.76 .H94M4 2010 022948 24/02/2026 29/01/2026 11/07/2018 Books
    Library of Congress Classification     Murang'a University of Technology Library Murang'a University of Technology Library General stacks 18/06/2019 Donation-TFC 11 1 QA 76.76 .H94M4 2010 026723 13/02/2026 02/02/2026 18/06/2019 Books